Statistiken für Die 12 meistgesprochenen Sprachen der Welt

Klicken Sie hier um das Quiz zu spielen!

Allgemein

  • Dieses Quiz wurde 1.325 mal gespielt
  • Das Durchschnittsergebnis liegt bei 9 aus 12

Antwortstatistiken

SprecherLand% Korrekt
1500 Mio.Englisch
99%
420 Mio.Spanisch
98%
185 Mio.Deutsch
96%
1100 Mio.Chinesisch
94%
370 Mio.Französisch
93%
275 Mio.Russisch
83%
235 Mio.Portugiesisch
72%
300 Mio.Arabisch
71%
128 Mio.Japanisch
69%
650 Mio.Hindi
60%
78 Mio.Koreanisch
37%
233 Mio.Bengalisch
7%

Verteilung der Resultate

Perzentil nach korrekt beantworteten Fragen

Anzahl Personen mit jedem Resultat

Ihre Resultats-Entwicklung

Sie haben dieses Quiz noch nicht gespielt